1444 1476 1438 1400 1374 1414 1134 1041 1852 1217 1475 1759 1397 1795 1373 1156 1911 1605 1856 1329 1114 1095 1355 1502 1500 1166 1297 1813 1407 1072 1914 1597 1861 1171 1206 1946 1244 1569 1178 1807 1791 1654 1899 1783 1074 1085 1083 1812 1884 1660 1484 1410 1648 1327 1050 1505 1107 1930 1626 1313 1567 1688 1081 1595 1482 1055 1861 1694 1445 1334 1155 1336 1999 1270 1978 1324 1983 1195 1512 1028 1045 1961 1549 1414 1676 1489 1588 1095 1089 1211 1950 1612 1548 1995 1597 1054 1105 1548 1669 BCNSPRNW ULIB Ver.6.0+V

เปลี่ยนเป็นภาษาไทย

Change to English
 แสดงรายละเอียดบรรณานุกรม
  กลับหน้าหลัก

Brief Record : Get Marc (ISO 2709) : E-mail record : QR code < ปิดหน้าต่าง
LEADER : 00000nam 2200000uu 4500
001    13399109236
003     ULIB
008    110324s2551||||th 000 0 tha d
020    9743234128
060 04 WA540^bส138บ 2551
100 0  สงวน นิตยารัมภ์พงศ์
245 10 บนเส้นทางสู่หลักประกันสุขภาพถ้วนหน้า /^cสงวนนิตยารัมภ์พงศ์
250    พิมพ์ครั้งที่ 3
260    กรุงเทพฯ :^bสพิจิตร,^c2551
300    138 หน้า ;^c22 ซม.
440  0 ชุดวิชาการ
650  7 นโยบายสาธารณสุข^zไทย
650  7 ประกันสุขภาพ^zไทย
945    ^p0^l0^i023189
945    ^p0^l0^i023190
945    ^p0^l0^i020690
995    ทศพร
999 ^a ใช้งานได้ทุกระบบ
รายการนี้ยังไม่มีแท็ก
คุณยังไม่ได้ล็อกอิน คุณสามารถมีกิจกรรมร่วมกับเว็บไซต์ได้ แต่ต้องล็อกอินก่อน ::
  ล็อกอิน

รายการสื่อสารสนเทศ

ลำดับที่ ประเภท เลขเรียก/บาร์โค้ด สถานที่ สถานะ
- ไม่พบข้อมูล -

รายการใกล้เคียง
    ผู้แต่ง [สงวน นิตยารัมภ์พงศ์]

BibComment


ยังไม่เคยถูกคอมเมนท์

คอมเมนท์ทรัพยากรรายการนี้
  คอมเมนท์: บนเส้นทางสู่หลักป..


 Copyright 2026. Bcnsprnw @Library